000
00380nam a2200133Ia 4500
008
191206s9999 xx 000 0 und d
020
_a
1779220170
090
_a
HV9851.T73
245
0
_a
tragedy of lives: women in prison in Zimbabwe
260
_a
Weaver Press
260
_c
c2003
300
_a
"xviii, 320 p. ; 21 cm."
999
_c
17209
_d
17209